[Event "Bad Pyrmont Pape op-B 2nd"]
[Site "Bad Pyrmont"]
[Date "2023.08.11"]
[Round "2"]
[White "Markovych, Leonid"]
[Black "Travica, Alexander"]
[Result "1-0"]
[WhiteElo "1296"]
[BlackElo "1858"]
[PlyCount "93"]
[EventDate "2023.08.10"]
[EventType "swiss"]
[EventCountry "GER"]
[SourceTitle "EXT 2024"]
[Source "ChessBase"]
[SourceDate "2023.10.10"]
[SourceVersion "1"]
[SourceVersionDate "2023.10.10"]
[SourceQuality "1"]

1. e4 d6 2. d4 Nf6 3. f3 c6 4. c4 Nbd7 5. Nc3 e5 6. d5 Be7 7. Be3 0-0 8. Qd2 cxd5 9. cxd5 a6 10. Nge2 b5 11. a3 Nb6 12. b3 Bd7 13. Nc1 Ne8 14. Be2 f5 15. 0-0 f4 16. Bf2 Nf6 17. Nd3 Be8 18. Rad1 Qb8 19. Nb4 g5 20. Nc6 Bxc6 21. dxc6 Rc8 22. Nd5 Nbxd5 23. exd5 Re8 24. Qc2 Qc8 25. Bd3 Qc7 26. Bf5 Kg7 27. a4 bxa4 28. bxa4 a5 29. Be6 Rf8 30. Rb1 Rab8 31. Rb5 Rxb5 32. axb5 Rb8 33. Rb1 Rb6 34. Kh1 Bd8 35. Bxb6 Qxb6 36. Rc1 Ne8 37. Qf5 Bf6 38. h4 gxh4 39. Qh5 Qe3 40. Rg1 e4 41. Qxe8 Bd4 42. Qf7+ Kh6 43. Rf1 Qe2 44. Qxf4+ Kg7 45. Qg5+ Kf8 46. Qg8+ Ke7 47. Qf7+ 1-0

[Event "Lippe Cup 06th"]
[Site "Lieme"]
[Date "2009.10.17"]
[Round "3"]
[White "Nolte, Katharina"]
[Black "Travica, Alexander"]
[Result "0-1"]
[WhiteElo "1082"]
[BlackElo "1463"]
[PlyCount "52"]
[EventDate "2009.10.16"]
[EventType "swiss"]
[EventRounds "5"]
[EventCountry "GER"]
[SourceTitle "EXT 2012"]
[Source "ChessBase"]
[SourceDate "2011.11.24"]
[SourceVersion "1"]
[SourceVersionDate "2011.11.24"]
[SourceQuality "1"]

1. e4 e5 2. Nf3 f5 3. Nc3 d6 4. d4 fxe4 5. Nxe4 Nf6 6. Bd3 Nxe4 7. Bxe4 d5 8. dxe5 dxe4 9. Qxd8+ Kxd8 10. Ng5 Ke8 11. 0-0 Bf5 12. c3 Be7 13. Re1 Bxg5 14. Bxg5 h6 15. Bh4 Nd7 16. Bg3 Kf7 17. Rad1 Nc5 18. f3 Rad8 19. Rd4 Nd3 20. Re3 Rxd4 21. cxd4 exf3 22. gxf3 Rd8 23. Kf1 Rxd4 24. Ke2 Nf4+ 25. Kf2 Nd5 26. Ra3 a6 0-1

[Event "Lippe Cup 06th"]
[Site "Lieme"]
[Date "2009.10.17"]
[Round "2"]
[White "Travica, Alexander"]
[Black "Niediek, Cedric"]
[Result "0-1"]
[WhiteElo "1463"]
[BlackElo "1233"]
[PlyCount "76"]
[EventDate "2009.10.16"]
[EventType "swiss"]
[EventRounds "5"]
[EventCountry "GER"]
[SourceTitle "EXT 2012"]
[Source "ChessBase"]
[SourceDate "2011.11.24"]
[SourceVersion "1"]
[SourceVersionDate "2011.11.24"]
[SourceQuality "1"]

1. e4 c5 2. d4 cxd4 3. c3 dxc3 4. Nxc3 g6 5. Nf3 Bg7 6. Bc4 Nc6 7. Bf4 Nf6 8. 0-0 0-0 9. a3 a6 10. Qe2 b5 11. Ba2 d6 12. Rfd1 Bg4 13. h3 Bd7 14. e5 dxe5 15. Bxe5 Qc8 16. Rac1 Qb7 17. Ne4 Nxe5 18. Nxe5 Qxe4 19. Qxe4 Nxe4 20. Nxd7 Rfd8 21. Bd5 Ra7 22. Nb6 Nd6 23. Rd2 Bh6 24. Rcd1 Bxd2 25. Rxd2 Rb8 26. Bxf7+ Kxf7 27. Nd5 Kg8 28. Nb4 Rf8 29. Nc6 Rc7 30. Nd4 Rc1+ 31. Kh2 Rf1 32. f3 Nc4 33. Re2 Re8 34. Ne6 Rc8 35. Ng5 Rc5 36. Ne4 Re5 37. Kg3 Nd6 38. Kf4 Rxe4+ 0-1